[Event "Novo Mesto op"]
[Site "Novo Mesto"]
[Date "2023.11.02"]
[Round "8"]
[White "Urbanc, Suzana"]
[Black "Novak, Rok"]
[Result "1/2-1/2"]
[WhiteElo "1622"]
[BlackElo "1804"]
[PlyCount "74"]
[EventDate "2023.10.28"]
[EventType "swiss"]
[EventRounds "9"]
[EventCountry "SLO"]
[SourceTitle "CB48_2023"]
[SourceDate "2023.11.29"]
[SourceVersion "1"]
[SourceVersionDate "2023.11.29"]
[SourceQuality "1"]

1. d4 d5 2. Bf4 Nf6 3. e3 c5 4. c3 Qb6 5. Qb3 c4 6. Qc2 Nc6 7. b3 Na5 8. Nd2 Be6 9. b4 Nc6 10. a4 a6 11. a5 Qd8 12. h3 g6 13. Ngf3 Bg7 14. Ne5 Nxe5 15. Bxe5 0-0 16. g4 Qd7 17. f3 Rfe8 18. Be2 Qc6 19. Kf2 Rac8 20. h4 Nd7 21. Bxg7 Kxg7 22. f4 f6 23. h5 Bf7 24. hxg6 hxg6 25. f5 e5 26. Rh3 exd4 27. exd4 Qd6 28. Rah1 Nf8 29. Nf3 Re4 30. Nh4 Rce8 31. Bf3 Qf4 32. Ng2 Re2+ 33. Qxe2 Rxe2+ 34. Kxe2 Qd6 35. Ne3 g5 36. Kf2 Qd7 37. Kg3 Qd6+ 1/2-1/2

[Event "Portoroz op 14th"]
[Site "Portoroz"]
[Date "2023.07.18"]
[Round "5"]
[White "Cichon, Michal1111"]
[Black "Urbanc, Suzana"]
[Result "0-1"]
[WhiteElo "1181"]
[BlackElo "1615"]
[PlyCount "78"]
[EventDate "2023.07.15"]
[EventType "swiss"]
[EventRounds "9"]
[EventCountry "SLO"]
[SourceTitle "CBM 215 Extra"]
[Source "ChessBase"]
[SourceDate "2023.09.30"]
[SourceVersion "1"]
[SourceVersionDate "2023.09.30"]
[SourceQuality "1"]

1. e4 Nf6 2. e5 Nd5 3. d4 d6 4. c4 Nb6 5. Nf3 g6 6. Be2 Bg7 7. 0-0 0-0 8. Nc3 Nc6 9. exd6 cxd6 10. Bg5 h6 11. Be3 Bg4 12. h3 Bxf3 13. Bxf3 Nxc4 14. b3 Nb6 15. Rc1 d5 16. Qd2 Kh7 17. Rfe1 e6 18. Ne2 Rc8 19. Ng3 Qf6 20. Red1 Qe7 21. Be2 a6 22. Bd3 f5 23. Ne2 Nd7 24. f3 Nf6 25. Bb1 g5 26. Re1 Kg8 27. Bxg5 hxg5 28. Qxg5 Nh7 29. Qd2 Qh4 30. f4 Nf6 31. Nc3 Ne4 32. Nxe4 fxe4 33. Rf1 Bxd4+ 34. Kh2 e5 35. g3 Qh6 36. Qg2 exf4 37. gxf4+ Kh8 38. f5 Rg8 39. Qe2 Be5+ 0-1

[Event "SLO-ch 33rd"]
[Site "Radenci"]
[Date "2023.04.30"]
[Round "7"]
[White "Urbanc, Suzana"]
[Black "Faganel, Kaja"]
[Result "0-1"]
[WhiteElo "1655"]
[BlackElo "1469"]
[PlyCount "129"]
[EventDate "2023.04.25"]
[EventType "team-match"]
[EventRounds "9"]
[EventCountry "SLO"]
[SourceTitle "CBM 214 Extra"]
[Source "ChessBase"]
[SourceDate "2023.07.31"]
[SourceVersion "1"]
[SourceVersionDate "2023.07.31"]
[SourceQuality "1"]

1. d4 c5 2. e3 e6 3. f4 d5 4. Nf3 Nf6 5. c3 Be7 6. Bd3 0-0 7. Nbd2 b6 8. Ne5 Ba6 9. Bxa6 Nxa6 10. Nc6 Qc7 11. Qa4 Nb8 12. Ne5 Nbd7 13. 0-0 Nxe5 14. fxe5 Ng4 15. Nf3 f6 16. h3 Nh6 17. Bd2 Nf5 18. Kh2 fxe5 19. dxe5 c4 20. g3 Bc5 21. Rae1 a6 22. Qc2 Be7 23. e4 dxe4 24. Qxe4 Rad8 25. g4 Nh4 26. Nd4 Ng6 27. Rxf8+ Nxf8 28. Rf1 Qd7 29. g5 Bc5 30. Be3 Bxd4 31. Bxd4 b5 32. a3 Ng6 33. h4 Qd5 34. Qe1 Ne7 35. Qf2 Nf5 36. Qf4 g6 37. Rf2 Kg7 38. Rd2 Rd7 39. Rf2 Rd8 40. Rd2 Rd7 41. Re2 Rd8 42. Re4 Rf8 43. Qg4 Rf7 44. Rf4 Kg8 45. h5 Rd7 46. h6 Rf7 47. Qg1 Rd7 48. Qa1 Qc6 49. Qg1 Qd5 50. Qg4 Rf7 51. Rf2 Rd7 52. Rd2 Rd8 53. Qf4 Rd7 54. Be3 Qc6 55. Rxd7 Qxd7 56. Qf3 Qd5 57. Qxd5 exd5 58. Bb6 Kf7 59. Kh3 Ke6 60. Bc7 Ne3 61. Kg3 Nd1 62. Kf4 Nxb2 63. Ke3 Nd1+ 64. Kd4 Nf2 65. Bb8 0-1

[Event "SLO-ch 33rd"]
[Site "Radenci"]
[Date "2023.04.25"]
[Round "1"]
[White "Plaskan, Jure"]
[Black "Urbanc, Suzana"]
[Result "1-0"]
[WhiteElo "2258"]
[BlackElo "1655"]
[PlyCount "55"]
[EventDate "2023.04.25"]
[EventType "team-match"]
[EventRounds "9"]
[EventCountry "SLO"]
[SourceTitle "CBM 214 Extra"]
[Source "ChessBase"]
[SourceDate "2023.07.31"]
[SourceVersion "1"]
[SourceVersionDate "2023.07.31"]
[SourceQuality "1"]

1. e4 Nf6 2. e5 Nd5 3. d4 d6 4. c4 Nb6 5. exd6 cxd6 6. Nc3 g6 7. Be3 Bg7 8. Rc1 0-0 9. b3 Nc6 10. d5 Ne5 11. Be2 f5 12. Qd2 Ng4 13. Bxg4 fxg4 14. Nge2 Nd7 15. Bh6 Ne5 16. Bxg7 Kxg7 17. Nd4 Qb6 18. 0-0 Bf5 19. Nce2 Rf6 20. Nf4 h6 21. Rfe1 Rh8 22. c5 Qa6 23. cxd6 Qxd6 24. Qe3 Nf7 25. g3 Re8 26. Nxf5+ Rxf5 27. Qc3+ Kh7 28. Re6 1-0

[Event "SLO-chT2 Ost"]
[Site "Slovenia"]
[Date "2021.09.11"]
[Round "1.5"]
[White "Matjasic, Matjaz"]
[Black "Urbanc, Suzana"]
[Result "0-1"]
[WhiteElo "1616"]
[BlackElo "1716"]
[PlyCount "48"]
[EventDate "2021.09.11"]
[EventType "team-tourn"]
[EventRounds "9"]
[EventCountry "SLO"]
[SourceTitle "EXT 2024"]
[Source "ChessBase"]
[SourceDate "2023.10.10"]
[SourceVersion "1"]
[SourceVersionDate "2023.10.10"]
[SourceQuality "1"]
[WhiteTeam "Brezice"]
[BlackTeam "Krsko Triglav II"]
[WhiteTeamCountry "SLO"]
[BlackTeamCountry "SLO"]

1. e4 Nf6 2. e5 Nd5 3. Nc3 e6 4. Nxd5 exd5 5. d4 d6 6. Nf3 Be7 7. Be2 0-0 8. 0-0 Nc6 9. exd6 Bxd6 10. Bg5 f6 11. Be3 Bg4 12. c3 f5 13. Bg5 Qe8 14. Re1 Qh5 15. Bd2 Bxf3 16. Bxf3 Qxh2+ 17. Kf1 Rae8 18. g3 Re4 19. Qb3 Ne7 20. Be3 Bxg3 21. fxg3 Qxg3 22. Bxe4 fxe4+ 23. Ke2 Rf2+ 24. Bxf2 Qd3# 0-1

[Event "Otocec Krka Terme op"]
[Site "Otocec"]
[Date "2021.07.04"]
[Round "2"]
[White "Urbanc, Suzana"]
[Black "Lavrencic, Matic"]
[Result "0-1"]
[WhiteElo "1688"]
[BlackElo "1939"]
[PlyCount "118"]
[EventDate "2021.07.03"]
[EventType "swiss"]
[EventRounds "9"]
[EventCountry "SLO"]
[SourceTitle "CBM 203 Extra"]
[Source "ChessBase"]
[SourceDate "2021.09.30"]
[SourceVersion "1"]
[SourceVersionDate "2021.09.30"]
[SourceQuality "1"]

1. d4 Nf6 2. e3 d5 3. f4 c5 4. Nf3 Bf5 5. Bd3 e6 6. c3 Nc6 7. 0-0 Bd6 8. Ne5 Bxd3 9. Qxd3 0-0 10. Nd2 Qc7 11. a4 a6 12. Ndf3 Ne7 13. Ng5 c4 14. Qc2 h6 15. Nexf7 hxg5 16. Nxg5 Qd7 17. Rf3 g6 18. Rh3 Kg7 19. b3 cxb3 20. Qxb3 Rh8 21. Rxh8 Rxh8 22. c4 Nc6 23. c5 Be7 24. Bd2 Rb8 25. Qd3 Nd8 26. Ba5 Nf7 27. Nf3 Ne4 28. Bb6 Bd8 29. a5 Bxb6 30. axb6 Ra8 31. Ra5 Qe8 32. Qc2 Nd8 33. Nd2 Nc6 34. Ra1 Nxd2 35. Qxd2 a5 36. Qc3 a4 37. e4 Qd7 38. Ra3 Ne7 39. g4 Qb5 40. f5 Qb1+ 41. Kf2 Qxe4 42. f6+ Kxf6 43. Qa1 Kg7 44. h3 Rf8+ 45. Kg1 Qe2 46. Ra2 Qe3+ 47. Kg2 Rf3 48. Qh1 Qf4 49. Qh2 Qxh2+ 50. Kxh2 a3 51. Re2 Nc6 52. Rxe6 a2 53. Re1 Rb3 54. Ra1 Rb2+ 55. Kg3 Nxd4 56. g5 Nc2 57. Rd1 a1Q 58. Rxd5 Qa3+ 59. Kf4 Qe3+ 0-1

[Event "SLO-ch 29th"]
[Site "Radenci"]
[Date "2019.05.02"]
[Round "7"]
[White "Rozman, Roman"]
[Black "Urbanc, Suzana"]
[Result "1/2-1/2"]
[WhiteElo "1786"]
[BlackElo "1645"]
[PlyCount "121"]
[EventDate "2019.04.27"]
[EventType "swiss"]
[EventRounds "9"]
[EventCountry "SLO"]
[SourceTitle "CBM 190 Extra"]
[Source "ChessBase"]
[SourceDate "2019.07.15"]
[SourceVersion "1"]
[SourceVersionDate "2019.07.15"]
[SourceQuality "1"]

1. d4 d5 2. c4 c6 3. Nc3 Nf6 4. e3 Bf5 5. Bd3 Bg4 6. Qc2 g6 7. h3 Be6 8. b3 Bg7 9. Bb2 0-0 10. Nf3 a5 11. Na4 Na6 12. a3 Ne4 13. c5 f5 14. Nb6 Ra7 15. Bxa6 Rxa6 16. 0-0-0 Rxb6 17. cxb6 Qxb6 18. Rhf1 Rc8 19. Qd3 c5 20. Kb1 c4 21. Qc2 Qxb3 22. Qxb3 cxb3 23. Nd2 Nxd2+ 24. Rxd2 a4 25. Rc1 Rxc1+ 26. Kxc1 Bd7 27. Bc3 Bc6 28. Bb4 e5 29. Bc5 Kf7 30. Kb2 Bb5 31. h4 h5 32. Kc3 Bc4 33. Kb4 b5 34. Kc3 Ke6 35. f4 e4 36. g3 Bf6 37. Kb4 Kd7 38. Kc3 Kc6 39. Kb2 Bd8 40. Bb4 Bc7 41. Rh2 Kb7 42. Rd2 Ka6 43. Rd1 Bb6 44. Kc3 Bd3 45. Kb2 Bc2 46. Rc1 Ba5 47. Re1 Kb6 48. Rc1 Ka6 49. Re1 Bb6 50. Kc3 Ba5 51. Kb2 Bc7 52. Bc5 Kb7 53. Bb4 Kc6 54. Re2 Bd3 55. Re1 Bb6 56. Rc1+ Bc4 57. Re1 Kb7 58. Kc3 Ka6 59. Kb2 Ba5 60. Rc1 Kb6 61. Rc3 1/2-1/2